| 000 | 00444nam a2200121 4500 | ||
|---|---|---|---|
| 999 |
_c13653 _d13653 |
||
| 008 | 190401b ||||| |||| 00| 0 eng d | ||
| 100 |
_938014 _aDoquila, Gilford A. |
||
| 245 |
_aEnvironment still top priority in agri: _bAn ecologically sound environment is seen to benefit farmers in the long run/ _cGilford A. Doquila |
||
| 260 |
_aDavao City: _bSun Star Davao; _cc2018. |
||
| 300 | _apage 7. | ||
| 650 | 0 |
_938015 _aAgriculture. |
|
| 942 |
_2ddc _cPER |
||